Statistics for Casts of Best Picture Oscar-winning movies of the 1980s

Click here to take the quiz!

General Stats

  • This quiz has been taken 379 times
  • The average score is 22 of 100

Answer Stats

RolePerformer% Correct
Mohandas Karamchand GandhiBen Kingsley
96%
Raymond "Ray" BabbittDustin Hoffman
96%
Charles "Charlie" BabbittTom Cruise
96%
Hoke ColburnMorgan Freeman
93%
Karen Dinesen / Baroness von BlixenMeryl Streep
91%
SloanBasil Hoffman
86%
Denys Finch HattonRobert Redford
84%
Private First Class Chris TaylorCharlie Sheen
82%
Antonio SalieriF. Murray Abraham
80%
Garrett BreedloveJack Nicholson
80%
Daisy WerthanJessica Tandy
78%
Aurora GreenwayShirley MacLaine
75%
Wolfgang Amadeus MozartTom Hulce
57%
Emma Greenway-HortonDebra Winger
56%
Beth JarrettMary Tyler Moore
55%
Sergeant Elias GrodinWillem Dafoe
55%
Conrad JarrettTimothy Hutton
53%
Calvin JarrettDonald Sutherland
48%
Baron van SwietenJonathan Moore
48%
MiriamMuriel Moore
48%
Boolie WerthanDan Aykroyd
42%
Staff Sergeant Bob BarnesTom Berenger
39%
Flap HortonJeff Daniels
30%
Reginald JohnstonPeter O'Toole
27%
Dr. Tyrone C. BergerJudd Hirsch
26%
Holy Roman Emperor Joseph IIJeffrey Jones
25%
Sam BurnsJohn Lithgow
23%
Margaret Bourke-WhiteCandice Bergen
22%
Baron Bror von BlixenKlaus Maria Brandauer
22%
Harold AbrahamsBen Cross
21%
Sam MussabiniIan Holm
20%
Jeannine PrattElizabeth McGovern
18%
SusannaValeria Golino
18%
Big HaroldForest Whitaker
17%
E.F.L. Wood, 1st Baron Irwin, 1st Earl of Halifax | The Master of Trinity College, CambridgeJohn Gielgud
15%
BunnyKevin Dillon
15%
Brigadier-General Reginald DyerEdward Fox
14%
PuyiJohn Lone
14%
Katey BellCrystal R. Fox
13%
Teddy HortonHuckleberry Fox
13%
Vernon DahlartDanny DeVito
12%
Eastern Jewel (Kawashima Yoshiko)Maggie Han
12%
Sally DibbsBonnie Hunt
11%
WanrongJoan Chen
11%
VernMichael D. Roberts
11%
Lord Andrew LindsayNigel Havers
11%
IdellaEsther Rolle
10%
Sergeant Red O'NeillJohn C. McGinley
10%
KingKeith David
9%
RhahFrancesco Quinn
8%
Eric LiddellIan Charleson
8%
Florine WerthanPatti LuPone
8%
Karen AldrichDinah Manoff
7%
The Master of Caius College, CambridgeLindsay Anderson
7%
Mother at Farm HouseBeth Grant
6%
Jennie LiddellCheryl Campbell
6%
Big LiDennis Dun
6%
Coach SalanM. Emmet Walsh
6%
Berkeley ColeMichael Kitchen
6%
InterrogatorRic Young
6%
Judge R. S. BroomfieldTrevor Howard
6%
Sybil GordonAlice Krige
5%
Constanze MozartElizabeth Berridge
5%
Frederic Thesiger, 3rd Baron Chelmsford, 1st Viscount ChelmsfordJohn Mills
5%
Leopold MozartRoy Dotrice
5%
Emanuel SchikanederSimon Callow
5%
Patsy ClarkLisa Hart Carroll
4%
Aubrey MontagueNicholas Farrell
4%
Pandit Jawaharlal NehruRoshan Seth
4%
Amakasu MasahikoRyuichi Sakamoto
4%
Sardar Vallabhbhai PatelSaeed Jaffrey
4%
Sergeant WarrenTony Todd
4%
Chen BaochenVictor Wong
4%
WenxiuVivian Wu (Wu Junmei)
4%
Count Orsini-RosenbergCharles Kay
3%
Joe LazenbyFredric Lehne
3%
Ray HanleyJames B. Sikking
3%
Dr. BrunerJerry Molen
3%
KamanteJoseph Thiaka
3%
IrisLucinda Jenney
3%
Farah AdenMalick Bowens
3%
Lieutenant WolfeMark Moses
3%
Melanie HortonMegan Morris
3%
Hugh Cholmondeley, Lord DelamereMichael Gough
3%
Kapellmeister Giuseppe BonnoPatrick Hines
3%
LennyRalph Seymour
3%
Count Von StrackRoderick Cook
3%
Kasturba GandhiRohini Hattangadi
3%
BelknapShane Rimmer
3%
Sandy McGrathStruan Rodger
3%
Felicity SpurwaySuzanna Hamilton
3%
OscarWilliam Hall, Jr.
3%
John MooneyJack Murdock
2%
Miss McClatcheyJoann Havrilla
2%
Chief KinanjuiStephen Kinyanjui
2%
BeulahSylvia Kaler
2%
Tommy HortonTroy Bishop
2%
Detention Centre GovernorYing Ruocheng
2%
Maulana AzadVirendra Razdan
1%

Score Distribution

Percentile by Number Answered

Percent of People with Each Score

Your Score History

You have not taken this quiz